Počítačové modelovanie procesu indukčného ohrevu pri tepelnom spracovaní so sprievodným experimentom : Diplomová práca

Enregistré dans:
Détails bibliographiques
Auteur principal: Vitkovič, Pavol (Auteur)
Autres auteurs: Taraba, Bohumil, 1953- (xxx)
Format: Manuscrit Livre
Langue:slovaque
Publié: Trnava : STU v Bratislave MtF KMI, 2005
Sujets:
Tags: Ajouter un tag
Pas de tags, Soyez le premier à ajouter un tag!

MARC

LEADER 00000ntm a22000003a 4500
001 stu94839
005 20160719154532.3
008 050624s2005----xo------------------slo-d
040 |a STU  |b slo 
041 0 |a slo 
044 |a xo 
100 1 |a Vitkovič, Pavol  |4 aut 
245 1 |a Počítačové modelovanie procesu indukčného ohrevu pri tepelnom spracovaní so sprievodným experimentom :  |b Diplomová práca 
260 |a Trnava :  |b STU v Bratislave MtF KMI,  |c 2005 
300 |a 84 s 
650 7 |a technológie strojárskej výroby  |2 stusub 
650 7 |a tepelné spracovanie  |2 stusub 
650 7 |a počítačové modelovanie  |2 stusub 
700 1 |a Taraba, Bohumil,  |d 1953-  |4 xxx  |u M2000  |U MTF Materiálovotechnologická fakulta  |T MTF Ústav výrobných systémov a aplikovanej mechaniky  |X 204  |U M2000  |Y 82  |7 A000000204 
996 |b 284M052407  |c M*DP-5889  |l MMSKP  |s P  |a 0  |w stu94839_0001